000 00330nam a2200145Ia 4500
008 100122s9999 xx 000 0 und d
082 _b53166
_a823
100 _aBHANOT T R
245 _aROBIN HOOD
260 _bDREAMLAND PUBLICATIONS
_c1991
300 _a24
630 _aROBIN HOOD
730 _aROBIN HOOD
942 _cBOOK
999 _c376024
_d376021